| 000 | 01257nam0a22002531 4500 | ||
|---|---|---|---|
| 001 | rc\2888571 | ||
| 005 | 20250529214739.0 | ||
| 035 | _a(NLR Aleph) 007040982 | ||
| 090 |
_a6097111 _c6097111 |
||
| 100 | _a20110723d1928 |||y0rusy50 ca | ||
| 101 | 0 | _arus | |
| 102 | _aRU | ||
| 105 | _aa z ||||| | ||
| 200 | 1 | _aТруды Третьей губернской конференции по изучению производительных сил Нижегородской губернии | |
| 210 |
_aН.-Новгород _cБ. и. _d1928 |
||
| 215 |
_a341 с. _cил. _d27 см |
||
| 225 | 1 |
_aПроизводительные силы Нижегородской губернии _eОрган Ассоциации по изучению производ. сил Нижегор. губ. при Губ. плановой комиссии _fПод общ. ред. проф. С.С. Станкова учен. секр. Ассоциации _vВып. 8 |
|
| 702 | 1 |
_aСтанков _bС.С. _4340 |
|
| 710 | 0 | 2 |
_aНижегородская губернская конференция по изучению производительных сил _d3 _f1927 |
| 801 | 0 |
_aRU _bNLR _gpsbo |
|
| 801 | 1 |
_aRU _bELAR _2rusmarc |
|
| 852 |
_aNLR _j47/227 |
||
| 942 | _cBOOK | ||
| 980 | _aNB | ||